| 000 | 00936nas a2200265Ia 4500 | ||
|---|---|---|---|
| 001 | A09/R106-7819 [r000005033] | ||
| 003 | IT-MiCISF | ||
| 008 | 161014c99999999xx |||||||||||| ||und|| | ||
| 040 |
_aIT-MiCISF _cIT-MiCISF |
||
| 041 | _aITALIANO | ||
| 100 | _aRossi Sciumé Giovanna | ||
| 210 | _aDonna e società | ||
| 222 | _aDonna e società | ||
| 245 | 0 | _aFamiglia e servizi sociali personali | |
| 250 | _a1a ed. | ||
| 260 | _c1990 | ||
| 501 |
_bCISF - Centro Internazionale Studi Famiglia - Via Giotto, 36 20145 MILANO (non commercial uses only) _cCopyright 2016 |
||
| 300 | _app. 65-101 | ||
| 362 | _an. 94-95, luglio-settembre [1990] | ||
| 500 | _aSaggio estratto dal "Primo rapporto sulla famiglia in Italia" del Cisf Tema: famiglia, servizi-sociali, reti-informali, volontariato, affido, consultori | ||
| 650 |
_aservizi alla persona _varticolo |
||
| 700 | _aAA.VV. | ||
| 942 | _cCR | ||
| 957 | _71 | ||
| 999 |
_a7819 _bSi _g1 _c247703 _d247703 |
||